000 00289nam a22001337a 4500
008 170619b xxu||||| |||| 00| 0 eng d
020 _a2900195173276
041 _aeng
080 _a32
100 _a20
101 _aSHP
245 _aDEMOCRACY AND THE NEW
_cGANS,H.J
942 _2udc
_cBK
999 _c18188
_d18188